Top 15 Länder mit Covid-19-Todesfällen - 1. September 2022 - Statistiken

Allgemein
  • Dieses Quiz wurde 41 mal gespielt
  • Das Durchschnittsergebnis liegt bei 12 aus 27
Antwortstatistiken
Land % Korrekt
Deutschland
97%
Vereinigte Staaten
95%
Italien
86%
Brasilien
84%
Frankreich
84%
Russland
81%
Mexiko
73%
Indien
68%
Argentinien
65%
Vereinigtes Königreich
59%
Polen
57%
Indonesien
43%
Kolumbien
43%
Iran
38%
Peru
38%
Tschechien
35%
Slowakei
27%
Slowenien
24%
Ungarn
24%
Kroatien
19%
Bosnien und Herzegowina
14%
Bulgarien
14%
Lettland
14%
Litauen
14%
Rumänien
11%
Georgien
3%
Nordmazedonien
3%
Keine übereinstimmenden Quizze gefunden
Verteilung der Resultate
Anzahl Personen mit jedem Resultat
Perzentil nach korrekt beantworteten Fragen
Ihre Resultats-Entwicklung
Sie haben dieses Quiz noch nicht gespielt